[Event "Montevideo Trebejos Autumn op"]
[Site "Montevideo"]
[Date "2018.03.07"]
[Round "1"]
[White "Cao, Jorge"]
[Black "Shih Ferreira, Yin Chieh"]
[Result "1-0"]
[WhiteElo "1904"]
[BlackElo "1365"]
[PlyCount "49"]
[EventDate "2018.03.07"]
[EventType "swiss"]
[EventRounds "7"]
[EventCountry "URU"]
[SourceTitle "CBM 183 Extra"]
[Source "ChessBase"]
[SourceDate "2018.04.19"]
[SourceVersion "1"]
[SourceVersionDate "2018.04.19"]
[SourceQuality "1"]

1. d4 d5 2. c4 g6 3. cxd5 Qxd5 4. Nc3 Qd8 5. e4 Bg7 6. Be3 e6 7. Nf3 Ne7 8. Bc4 c6 9. Qd2 h6 10. 0-0 0-0 11. Bxh6 Kh7 12. Ng5+ Kg8 13. Bxg7 Kxg7 14. Rad1 Qc7 15. Rfe1 Rh8 16. e5 Nd5 17. Nce4 Nd7 18. Bxd5 exd5 19. Qf4 Nf8 20. Qf6+ Kg8 21. Nd6 Be6 22. Rd3 Nh7 23. Nxe6 fxe6 24. Qxg6+ Qg7 25. Qxe6+ 1-0

[Event "Montevideo Cuartos Trebejos"]
[Site "Montevideo"]
[Date "2017.12.18"]
[Round "4.2"]
[White "Caitano, Martin Joel"]
[Black "Cao, Jorge"]
[Result "1-0"]
[WhiteElo "2068"]
[BlackElo "1918"]
[PlyCount "155"]
[EventDate "2017.12.11"]
[EventType "swiss"]
[EventRounds "5"]
[EventCountry "URU"]
[SourceTitle "EXT 2024"]
[Source "ChessBase"]
[SourceDate "2023.10.10"]
[SourceVersion "1"]
[SourceVersionDate "2023.10.10"]
[SourceQuality "1"]

1. d4 Nf6 2. c4 c5 3. d5 d6 4. Nc3 g6 5. e4 Bg7 6. h3 0-0 7. Bd3 e6 8. Nf3 exd5 9. cxd5 Na6 10. 0-0 Nc7 11. Re1 Rb8 12. a4 b6 13. Bf4 a6 14. Bf1 Bb7 15. Qd2 Re8 16. Bg5 Qd7 17. Qf4 Nh5 18. Qh4 h6 19. Bd2 Bf6 20. Qg4 Qxg4 21. hxg4 Bxc3 22. Bxc3 Ng7 23. Nd2 b5 24. Ba5 Rec8 25. b3 Nge8 26. Bc3 f6 27. Rad1 Kf7 28. g3 Ng7 29. axb5 axb5 30. Ra1 Ra8 31. b4 c4 32. Bg2 Rxa1 33. Rxa1 Ra8 34. Rxa8 Nxa8 35. Bd4 Nc7 36. Kf1 Na6 37. Bc3 Bc8 38. f3 Ne8 39. Nb1 Nec7 40. Na3 Bd7 41. Nc2 Na8 42. Bd4 N8c7 43. Ke1 Ke7 44. Kd2 Kf7 45. Kc3 Ke7 46. Bf1 Kf7 47. Be2 Ke7 48. Be3 g5 49. Nd4 Kf7 50. f4 Ke7 51. Nc2 Kf7 52. Bd4 Ke7 53. Bf3 Kf7 54. Ne3 Ne8 55. Bb6 Ng7 56. Nc2 Ke7 57. Nd4 Ne8 58. f5 Nec7 59. Ne6 Bxe6 60. fxe6 Ne8 61. Bd4 Ng7 62. Be2 Nc7 63. Bb6 Na8 64. Ba5 Ne8 65. Bxc4 bxc4 66. Kxc4 Nec7 67. b5 Ne8 68. b6 Nxb6+ 69. Bxb6 Ng7 70. Kb5 h5 71. gxh5 Nxh5 72. Bf2 g4 73. Kc6 Ng7 74. Be1 Ne8 75. Bb4 Ng7 76. Bxd6+ Kd8 77. Bf8 Nh5 78. d6 1-0

[Event "Montevideo Cuartos Trebejos"]
[Site "Montevideo"]
[Date "2017.12.15"]
[Round "3.3"]
[White "Cao, Jorge"]
[Black "Rodriguez Farias, Victor Hugo"]
[Result "1-0"]
[WhiteElo "1918"]
[BlackElo "1859"]
[PlyCount "93"]
[EventDate "2017.12.11"]
[EventType "swiss"]
[EventRounds "5"]
[EventCountry "URU"]
[SourceTitle "EXT 2024"]
[Source "ChessBase"]
[SourceDate "2023.10.10"]
[SourceVersion "1"]
[SourceVersionDate "2023.10.10"]
[SourceQuality "1"]

1. d4 e6 2. c4 f5 3. Nc3 d5 4. Nf3 c6 5. e3 Nf6 6. Bd3 Bd6 7. 0-0 Ne4 8. Ne5 0-0 9. f3 Nxc3 10. bxc3 Nd7 11. f4 Nxe5 12. fxe5 Be7 13. Qb3 b6 14. cxd5 cxd5 15. Ba3 Bb7 16. Rac1 Rc8 17. Bxe7 Qxe7 18. Qb4 Qg5 19. Rf3 f4 20. Rcf1 Qd8 21. exf4 Qc7 22. Rc1 Rf7 23. Qb1 g6 24. Bxg6 hxg6 25. Qxg6+ Rg7 26. Qxe6+ Qf7 27. Qxf7+ Kxf7 28. h3 Bc6 29. g4 Rh8 30. f5 Bb5 31. Re1 Rgh7 32. Kg2 Rg8 33. Kf2 Ba4 34. Ke3 Ke7 35. Kf4 Rh4 36. Kg3 Rgh8 37. Rh1 Bc2 38. Rh2 Bd1 39. Rf4 Ba4 40. f6+ Kf7 41. e6+ Kf8 42. g5 R4h5 43. g6 Rg5+ 44. Rg4 Rhh5 45. g7+ Kg8 46. Rf2 Rf5 47. f7+ 1-0

[Event "Montevideo Cuartos Trebejos"]
[Site "Montevideo"]
[Date "2017.12.11"]
[Round "1.7"]
[White "Souto, Andres"]
[Black "Cao, Jorge"]
[Result "0-1"]
[WhiteElo "1349"]
[BlackElo "1918"]
[PlyCount "49"]
[EventDate "2017.12.11"]
[EventType "swiss"]
[EventRounds "5"]
[EventCountry "URU"]
[SourceTitle "EXT 2024"]
[Source "ChessBase"]
[SourceDate "2023.10.10"]
[SourceVersion "1"]
[SourceVersionDate "2023.10.10"]
[SourceQuality "1"]

1. e4 e6 2. d4 d5 3. Bd3 dxe4 4. Bxe4 Nf6 5. Bg5 Be7 6. Bxf6 Bxf6 7. c3 0-0 8. Nf3 Nd7 9. 0-0 Re8 10. Nbd2 c5 11. Qc2 g6 12. Nb3 Qc7 13. d5 exd5 14. Bxd5 Ne5 15. Nbd2 Bf5 16. Be4 Nxf3+ 17. gxf3 Bh3 18. Rfe1 Qf4 19. Nf1 Bxf1 20. Kxf1 Qxh2 21. Ke2 Bh4 22. Kd3 Qd6+ 23. Kc4 b5+ 24. Kxb5 Rab8+ 25. Kc4 0-1

[Event "Montevideo Trebejos op 11"]
[Site "Montevideo"]
[Date "2017.11.22"]
[Round "7"]
[White "Dominguez Orono, Walter"]
[Black "Cao, Jorge"]
[Result "0-1"]
[WhiteElo "1684"]
[BlackElo "1942"]
[PlyCount "142"]
[EventDate "2017.11.08"]
[EventType "swiss"]
[EventRounds "7"]
[EventCountry "URU"]
[SourceTitle "CBM 181 Extra"]
[Source "ChessBase"]
[SourceDate "2017.12.12"]
[SourceVersion "1"]
[SourceVersionDate "2017.12.12"]
[SourceQuality "1"]

1. Nf3 Nf6 2. c4 g6 3. g3 Bg7 4. Bg2 0-0 5. 0-0 d6 6. Nc3 e5 7. d3 Nc6 8. a3 a5 9. Rb1 Nh5 10. b4 axb4 11. axb4 f5 12. Bg5 Bf6 13. Bxf6 Nxf6 14. Nd2 Nd4 15. e3 Ne6 16. f4 Ng4 17. Re1 Re8 18. h3 Nf6 19. Nd5 c6 20. Nxf6+ Qxf6 21. b5 Bd7 22. bxc6 Bxc6 23. Bxc6 bxc6 24. Qf3 Rac8 25. Rb6 exf4 26. exf4 Qd4+ 27. Qe3 Qxe3+ 28. Rxe3 Nd4 29. Nf1 Ra8 30. Rxe8+ Rxe8 31. Rb2 h5 32. Kf2 Re7 33. Ne3 Kf7 34. Rb1 Ra7 35. Rb2 Ke6 36. Nc2 Nxc2 37. Rxc2 Ra1 38. Re2+ Kf7 39. Kf3 Rd1 40. Ke3 h4 41. Rh2 Re1+ 42. Kd2 Rf1 43. Ke2 Ra1 44. Ke3 Re1+ 45. Kd2 hxg3 46. Rg2 Rf1 47. Ke3 d5 48. cxd5 cxd5 49. Rxg3 d4+ 50. Kxd4 Rxf4+ 51. Kd5 Kf6 52. d4 Rh4 53. Re3 Kg5 54. Rg3+ Kh5 55. Ke5 Re4+ 56. Kd5 Re2 57. Kd6 f4 58. Rf3 g5 59. d5 Re3 60. Rf1 Rxh3 61. Kd7 f3 62. d6 g4 63. Kd8 Kg5 64. d7 Rh8+ 65. Ke7 Kf4 66. Rc1 Rh7+ 67. Ke6 Rxd7 68. Kxd7 f2 69. Rc8 Kf3 70. Rc3+ Kg2 71. Rc2 Kg1 0-1

[Event "Montevideo Trebejos op 11"]
[Site "Montevideo"]
[Date "2017.11.13"]
[Round "3"]
[White "Pena Canapa, Alfredo"]
[Black "Cao, Jorge"]
[Result "0-1"]
[WhiteElo "1913"]
[BlackElo "1942"]
[PlyCount "96"]
[EventDate "2017.11.08"]
[EventType "swiss"]
[EventRounds "7"]
[EventCountry "URU"]
[SourceTitle "CBM 181 Extra"]
[Source "ChessBase"]
[SourceDate "2017.12.12"]
[SourceVersion "1"]
[SourceVersionDate "2017.12.12"]
[SourceQuality "1"]

1. d4 Nf6 2. Nf3 g6 3. Nc3 Bg7 4. Bf4 0-0 5. e3 d6 6. Be2 b6 7. h4 h5 8. Ng5 Bb7 9. f3 Nbd7 10. e4 c5 11. d5 a6 12. a4 Ne5 13. Bxe5 dxe5 14. Qd2 Qc7 15. 0-0 Nh7 16. Bc4 Nxg5 17. hxg5 Kh7 18. Rad1 Rad8 19. Qe2 f6 20. gxf6 Rxf6 21. Bxa6 Bh6 22. Bxb7 Qxb7 23. Qb5 Be3+ 24. Kh1 Qc8 25. Rfe1 Rxf3 26. Rxe3 Rxe3 27. Qxb6 Rf8 28. d6 exd6 29. Qxd6 Rf7 30. Qxe5 Qg4 31. Qd5 Rf2 32. Qd7+ Qxd7 33. Rxd7+ Kh6 34. a5 Rxc2 35. Rb7 Re1+ 36. Kh2 Ra1 37. Rb5 c4 38. Nd5 Re2 39. Nc3 Re3 40. Rc5 h4 41. Re5 g5 42. Re6+ Kg7 43. a6 g4 44. Rb6 Ree1 45. Rb7+ Kf8 46. Rb8+ Kf7 47. Rb7+ Ke8 48. Rb8+ Kd7 0-1

[Event "Montevideo Trebejos op 11"]
[Site "Montevideo"]
[Date "2017.11.10"]
[Round "2"]
[White "Cao, Jorge"]
[Black "Barboza, Mauro"]
[Result "0-1"]
[WhiteElo "1942"]
[BlackElo "1889"]
[PlyCount "80"]
[EventDate "2017.11.08"]
[EventType "swiss"]
[EventRounds "7"]
[EventCountry "URU"]
[SourceTitle "CBM 181 Extra"]
[Source "ChessBase"]
[SourceDate "2017.12.12"]
[SourceVersion "1"]
[SourceVersionDate "2017.12.12"]
[SourceQuality "1"]

1. d4 Nf6 2. c4 e6 3. Nf3 b6 4. Nc3 Bb7 5. e3 Bb4 6. Bd3 0-0 7. 0-0 d5 8. Bd2 dxc4 9. Bxc4 c5 10. a3 Bxc3 11. Bxc3 cxd4 12. Nxd4 Nc6 13. Nxc6 Bxc6 14. Qe2 Nd5 15. Bd2 Qg5 16. f4 Qf6 17. Rab1 Rfd8 18. Kh1 Rac8 19. e4 Ne7 20. Bc3 Qg6 21. Rbe1 Bb7 22. Rf3 Qxe4 23. Rg3 Nf5 24. Rd3 Qxe2 25. Rxe2 Nh4 26. Rxd8+ Rxd8 27. Kg1 Rd1+ 28. Kf2 Nxg2 29. Kg3 Rf1 30. Be5 Rf3+ 31. Kxg2 Rxf4+ 32. Kg3 Rxc4 33. Rd2 Bd5 34. Kf2 f6 35. Bc3 Kf7 36. Kg3 g5 37. Rf2 f5 38. h3 Kg6 39. Re2 h5 40. Re5 Re4 0-1

[Event "Montevideo Trebejos op 10"]
[Site "Montevideo"]
[Date "2017.10.24"]
[Round "6"]
[White "Barboza, Mauro"]
[Black "Cao, Jorge"]
[Result "1/2-1/2"]
[WhiteElo "1875"]
[BlackElo "1954"]
[PlyCount "89"]
[EventDate "2017.10.03"]
[EventType "swiss"]
[EventRounds "6"]
[EventCountry "URU"]
[SourceTitle "CBM 181 Extra"]
[Source "ChessBase"]
[SourceDate "2017.12.12"]
[SourceVersion "1"]
[SourceVersionDate "2017.12.12"]
[SourceQuality "1"]

1. e4 e6 2. d4 d5 3. e5 b6 4. c3 Qd7 5. Bd3 Ba6 6. Bc2 c5 7. Ne2 Nc6 8. 0-0 cxd4 9. cxd4 Bxe2 10. Qxe2 Nxd4 11. Qd2 Nxc2 12. Qxc2 Rc8 13. Qb3 Ne7 14. Nc3 Ng6 15. f4 Bc5+ 16. Kh1 0-0 17. a3 Rfd8 18. Bd2 Be7 19. Rae1 Nh4 20. Qd1 b5 21. Qh5 g6 22. Qh6 Nf5 23. Qh3 a5 24. g4 Nd4 25. Nd1 b4 26. Qd3 Nc2 27. Re2 bxa3 28. bxa3 Nxa3 29. Bxa5 Re8 30. f5 Qa4 31. fxg6 hxg6 32. Qf3 Rf8 33. Bd2 Kg7 34. Nb2 Qb5 35. Ref2 Nc4 36. Bc3 Nxb2 37. Bxb2 Rc4 38. Bc1 Qa4 39. Qh3 Rxc1 40. Rxc1 Qe4+ 41. Qf3 Qxe5 42. Re2 Qd6 43. Rce1 Bh4 44. Rg1 Bg5 45. Qd3 1/2-1/2

[Event "Montevideo Trebejos op 10"]
[Site "Montevideo"]
[Date "2017.10.10"]
[Round "3"]
[White "Carbone, Diego"]
[Black "Cao, Jorge"]
[Result "1-0"]
[WhiteElo "2173"]
[BlackElo "1954"]
[PlyCount "97"]
[EventDate "2017.10.03"]
[EventType "swiss"]
[EventRounds "6"]
[EventCountry "URU"]
[SourceTitle "CBM 181 Extra"]
[Source "ChessBase"]
[SourceDate "2017.12.12"]
[SourceVersion "1"]
[SourceVersionDate "2017.12.12"]
[SourceQuality "1"]

1. c4 Nf6 2. g3 g6 3. Nc3 Bg7 4. Bg2 e5 5. e4 Nc6 6. Nge2 0-0 7. 0-0 d6 8. d3 Nh5 9. Nd5 f5 10. Be3 f4 11. gxf4 exf4 12. Nexf4 Nxf4 13. Bxf4 Bxb2 14. Rb1 Be5 15. Be3 Nd4 16. f4 Bg7 17. Qd2 c6 18. Nc3 Qh4 19. Qf2 Qxf2+ 20. Rxf2 b6 21. Ne2 Nxe2+ 22. Rxe2 Bd7 23. d4 Bh6 24. Rf1 Rf7 25. d5 cxd5 26. cxd5 Bb5 27. Ref2 Bxf1 28. Kxf1 Raf8 29. e5 dxe5 30. Bd2 Bxf4 31. Bb4 Be3 32. Rxf7 Rxf7+ 33. Ke2 Bc5 34. Be1 Kg7 35. Bh3 Kf6 36. Kd3 Ke7 37. Be6 Rf3+ 38. Kc4 Kd6 39. Bd2 a6 40. a4 Ra3 41. Bh6 Rxa4+ 42. Kc3 Rh4 43. Bf8+ Kc7 44. Bg7 Bd4+ 45. Kc4 b5+ 46. Kd3 e4+ 47. Kxd4 b4 48. Be5+ Kb6 49. d6 1-0

[Event "Montevideo Trebejos op 10"]
[Site "Montevideo"]
[Date "2017.10.03"]
[Round "1"]
[White "Cao, Jorge"]
[Black "Campora, Edgardo"]
[Result "1-0"]
[WhiteElo "1954"]
[BlackElo "1716"]
[PlyCount "131"]
[EventDate "2017.10.03"]
[EventType "swiss"]
[EventRounds "6"]
[EventCountry "URU"]
[SourceTitle "CBM 181 Extra"]
[Source "ChessBase"]
[SourceDate "2017.12.12"]
[SourceVersion "1"]
[SourceVersionDate "2017.12.12"]
[SourceQuality "1"]

1. d4 Nf6 2. c4 g6 3. Nc3 Bg7 4. e4 d6 5. f3 0-0 6. Be3 e5 7. d5 Nh5 8. Qd2 f5 9. 0-0-0 Nd7 10. Bd3 Nc5 11. Bc2 a6 12. Kb1 b5 13. cxb5 axb5 14. Nxb5 Ba6 15. Nc3 Qd7 16. Nge2 Rfb8 17. Nc1 f4 18. Bxc5 dxc5 19. d6 c6 20. Na4 Qa7 21. d7 Bb5 22. d8Q+ Rxd8 23. Qxd8+ Rxd8 24. Rxd8+ Kf7 25. Rhd1 Nf6 26. Nc3 Bf8 27. Nd3 Qc7 28. Nf2 Be7 29. R8d2 h5 30. Nh3 Qa7 31. Ng5+ Ke8 32. Ne6 Ba6 33. Nd8 Bxd8 34. Rxd8+ Ke7 35. R8d6 Qc7 36. R6d2 c4 37. Ba4 Nh7 38. Rd8 Nf8 39. R8d2 Ne6 40. Bc2 Nd4 41. Ba4 Qb7 42. Bc2 Qc7 43. Re1 Qa5 44. Bd1 Qc5 45. g3 Ne6 46. Bc2 Qb6 47. Red1 Qc7 48. Ne2 Nc5 49. gxf4 exf4 50. Rd4 Nd3 51. Bxd3 cxd3 52. Nc3 Qb6 53. Ra4 g5 54. a3 g4 55. fxg4 hxg4 56. e5 Qe3 57. Rxa6 d2 58. Rxc6 Qxe5 59. Rxd2 f3 60. Rc4 f2 61. Nd5+ Qxd5 62. Rc7+ Ke6 63. Rxf2 Qd1+ 64. Ka2 Qd5+ 65. b3 Qe5 66. Rcc2 1-0

[Event "Montevideo Municipal op"]
[Site "Montevideo"]
[Date "2017.09.08"]
[Round "5"]
[White "Cao, Jorge"]
[Black "Toledo, Javier"]
[Result "1/2-1/2"]
[WhiteElo "1963"]
[BlackElo "1864"]
[PlyCount "91"]
[EventDate "2017.08.30"]
[EventType "swiss"]
[EventRounds "7"]
[EventCountry "URU"]
[SourceTitle "CBM 180 Extra"]
[Source "ChessBase"]
[SourceDate "2017.10.06"]
[SourceVersion "1"]
[SourceVersionDate "2017.10.06"]
[SourceQuality "1"]

1. d4 Nf6 2. c4 e6 3. Nf3 Bb4+ 4. Bd2 Qe7 5. Nc3 Nc6 6. e3 0-0 7. Bd3 d6 8. 0-0 e5 9. d5 Nb8 10. e4 a5 11. Rc1 Na6 12. Re1 Nc5 13. Bb1 a4 14. Nb5 Bxd2 15. Nxd2 g6 16. b4 axb3 17. axb3 Nh5 18. b4 Na6 19. Qb3 Nf4 20. Nf3 g5 21. Re3 g4 22. Ne1 Qg5 23. Rcc3 Kh8 24. c5 Bd7 25. Na3 f5 26. cxd6 cxd6 27. Nc4 Bb5 28. Nxd6 Ne2+ 29. Rxe2 Bxe2 30. Qc2 Rad8 31. Nxb7 Rb8 32. Qxe2 Rxb7 33. Qxa6 Qd2 34. Re3 Rxb4 35. Qd3 Qc1 36. Bc2 Rc8 37. d6 Rd4 38. d7 Rd8 39. Qb5 R8xd7 40. Qxe5+ Kg8 41. Bb3+ Kf8 42. Qxf5+ Ke8 43. Qe5+ Kd8 44. Qb8+ Ke7 45. Qe5+ Kd8 46. Qb8+ 1/2-1/2

[Event "Montevideo Municipal op"]
[Site "Montevideo"]
[Date "2017.08.30"]
[Round "1"]
[White "Cao, Jorge"]
[Black "Quevedo, Andreina"]
[Result "1/2-1/2"]
[WhiteElo "1963"]
[BlackElo "1803"]
[PlyCount "124"]
[EventDate "2017.08.30"]
[EventType "swiss"]
[EventRounds "7"]
[EventCountry "URU"]
[SourceTitle "CBM 180 Extra"]
[Source "ChessBase"]
[SourceDate "2017.10.06"]
[SourceVersion "1"]
[SourceVersionDate "2017.10.06"]
[SourceQuality "1"]

1. d4 Nf6 2. c4 g6 3. Nc3 Bg7 4. e4 d6 5. f3 0-0 6. Be3 e5 7. d5 Nh5 8. Qd2 c6 9. 0-0-0 cxd5 10. Qxd5 Nc6 11. Qxd6 Qa5 12. Qc5 Qa6 13. Qb5 Qxb5 14. Nxb5 Be6 15. Nc7 Rac8 16. Nxe6 fxe6 17. Kb1 Nd4 18. Ne2 Rfd8 19. Nxd4 exd4 20. Bg5 Rd7 21. g4 Nf6 22. Bd3 e5 23. h4 Ne8 24. Rc1 Rdc7 25. Rc2 Nd6 26. Rhc1 b6 27. b4 Nb7 28. Kb2 Kf7 29. Kb3 Ke6 30. Rf1 Nd6 31. f4 exf4 32. Bxf4 Be5 33. Bh6 Nf7 34. Bc1 Bf6 35. g5 Bg7 36. Bf4 Be5 37. c5 Bxf4 38. Rxf4 Ne5 39. Rf6+ Ke7 40. Ba6 d3 41. Rd2 Rd8 42. Bc4 Nxc4 43. Kxc4 bxc5 44. bxc5 Rdc8 45. c6 Rxc6+ 46. Rxc6 Rxc6+ 47. Kxd3 Ke6 48. Rc2 Rd6+ 49. Ke3 Rd7 50. Rc6+ Ke5 51. Rc5+ Ke6 52. Ra5 Rc7 53. a4 Rb7 54. Rb5 Rc7 55. a5 a6 56. Rd5 Rb7 57. Rc5 Rb1 58. Rc6+ Ke5 59. Rxa6 Rb3+ 60. Kf2 Kxe4 61. Rb6 Ra3 62. Rb4+ Kf5 1/2-1/2

[Event "Montevideo Bouza Memorial"]
[Site "Montevideo"]
[Date "2017.07.26"]
[Round "6"]
[White "Cao, Jorge"]
[Black "Lanzilotta Mernies, Marcelo"]
[Result "1/2-1/2"]
[WhiteElo "1969"]
[BlackElo "2020"]
[PlyCount "75"]
[EventDate "2017.07.12"]
[EventType "swiss"]
[EventRounds "7"]
[EventCountry "URU"]
[SourceTitle "EXT 2018"]
[Source "ChessBase"]
[SourceDate "2017.10.13"]
[SourceVersion "1"]
[SourceVersionDate "2017.10.13"]
[SourceQuality "1"]

1. d4 c5 2. d5 Nf6 3. c4 b5 4. cxb5 a6 5. bxa6 Bxa6 6. Nc3 g6 7. e4 Bxf1 8. Kxf1 d6 9. g3 Bg7 10. Kg2 Nbd7 11. h3 0-0 12. Nf3 Ra6 13. Re1 Qa8 14. Qc2 e6 15. Rd1 c4 16. Be3 Rc8 17. dxe6 fxe6 18. Rd2 Nc5 19. Bxc5 Rxc5 20. Rad1 d5 21. exd5 Nxd5 22. Nxd5 exd5 23. b4 Rb5 24. Kg1 c3 25. Re2 Rxb4 26. Rde1 Rb8 27. Re7 Bf6 28. R7e2 Kf7 29. Ne5+ Kg7 30. Qxc3 Re8 31. Qf3 Rxa2 32. Ng4 Ra6 33. Nxf6 Rxe2 34. Nh5+ gxh5 35. Qxe2 Qa7 36. Qe5+ Kg6 37. Re2 d4 38. h4 1/2-1/2

[Event "Montevideo Senior-ch"]
[Site "Montevideo"]
[Date "2017.06.17"]
[Round "1"]
[White "Cao, Jorge"]
[Black "Fein, Jorge"]
[Result "1-0"]
[WhiteElo "1972"]
[BlackElo "1637"]
[PlyCount "85"]
[EventDate "2017.06.17"]
[EventType "swiss"]
[EventRounds "5"]
[EventCountry "URU"]
[SourceTitle "CBM 179 Extra"]
[Source "ChessBase"]
[SourceDate "2017.08.23"]
[SourceVersion "1"]
[SourceVersionDate "2017.08.23"]
[SourceQuality "1"]

1. d4 Nf6 2. c4 e6 3. Nf3 b6 4. Nc3 Bb4 5. e3 Bb7 6. Bd3 Ne4 7. Qc2 f5 8. a3 Bxc3+ 9. bxc3 0-0 10. 0-0 d6 11. Nd2 Ng5 12. e4 Qf6 13. exf5 exf5 14. d5 Qg6 15. f4 Ne6 16. Nf3 Nc5 17. Nd4 Nxd3 18. Qxd3 Nd7 19. Ne6 Rfc8 20. Be3 Nf6 21. Bd4 c5 22. Bxf6 Qxf6 23. Rf3 Rab8 24. Rg3 g6 25. Re1 Re8 26. Rge3 Re7 27. h3 Rbe8 28. Nc7 Rxe3 29. Rxe3 Re7 30. Ne8 Qf8 31. Qe2 Rxe3 32. Qxe3 Bc8 33. Nc7 Kf7 34. Nb5 a6 35. Nc7 Qd8 36. Ne6 Bxe6 37. Qxe6+ Kf8 38. Kh2 a5 39. Kg3 Kg7 40. h4 Kf8 41. h5 Kg7 42. a4 Qf6 43. h6+ 1-0

[Event "Wch Seniors 65 26th"]
[Site "Marianske Lazne"]
[Date "2016.11.30"]
[Round "11"]
[White "Cao, Jorge"]
[Black "Novak, Jaromir"]
[Result "1-0"]
[WhiteElo "1962"]
[BlackElo "1843"]
[PlyCount "52"]
[EventDate "2016.11.19"]
[EventType "swiss"]
[EventRounds "11"]
[EventCountry "CZE"]
[SourceTitle "EXT 2023"]
[Source "ChessBase"]
[SourceDate "2022.10.05"]
[SourceVersion "1"]
[SourceVersionDate "2022.10.05"]
[SourceQuality "1"]

1. d4 d5 2. c4 c6 3. Nc3 Nf6 4. Nf3 e6 5. e3 Bd6 6. Bd3 0-0 7. 0-0 dxc4 8. Bxc4 Nbd7 9. e4 e5 10. Bg5 Qc7 11. h3 Kh8 12. Rc1 Ne8 13. Bb3 Qb8 14. dxe5 Bb4 15. a3 Bxc3 16. Rxc3 Nxe5 17. Nxe5 Qxe5 18. f4 Qc7 19. Bd8 Qd6 20. e5 Qxd1 21. Rxd1 Be6 22. Bc7 Rg8 23. f5 Bxb3 24. Rxb3 b6 25. Rd7 g5 26. f6 Rc8 1-0

[Event "Wch Seniors 65 26th"]
[Site "Marianske Lazne"]
[Date "2016.11.19"]
[Round "1"]
[White "Cao, Jorge"]
[Black "Giffard, Nicolas"]
[Result "0-1"]
[WhiteElo "1962"]
[BlackElo "2313"]
[PlyCount "108"]
[EventDate "2016.11.19"]
[EventType "swiss"]
[EventRounds "11"]
[EventCountry "CZE"]
[SourceTitle "CBM 175 Extra"]
[Source "ChessBase"]
[SourceDate "2016.12.12"]
[SourceVersion "1"]
[SourceVersionDate "2016.12.12"]
[SourceQuality "1"]

1. d4 Nf6 2. c4 e6 3. Nf3 Bb4+ 4. Bd2 Be7 5. Nc3 d5 6. Bg5 h6 7. Bh4 0-0 8. e3 b6 9. Bd3 Bb7 10. 0-0 Nbd7 11. Qe2 a6 12. Rfd1 Ne4 13. Bxe7 Qxe7 14. Rac1 f5 15. cxd5 exd5 16. Na4 Rfc8 17. Rc2 Ra7 18. Rdc1 c6 19. a3 Re8 20. Re1 Qd8 21. Qd1 a5 22. Qc1 Re6 23. Nc3 Ra8 24. Ne2 g5 25. Ng3 Qf6 26. Bxe4 fxe4 27. Nd2 Ba6 28. Ndf1 Bd3 29. Rd2 c5 30. dxc5 bxc5 31. Ne2 Rf8 32. Nc3 Nb6 33. b3 d4 34. exd4 cxd4 35. Nd1 e3 36. Ndxe3 dxe3 37. Nxe3 Rc6 38. Qd1 Bf5 39. Qh5 Be6 40. b4 a4 41. h3 Nc4 42. Nxc4 Bxc4 43. Re8 Bf7 44. Rxf8+ Kxf8 45. Qd1 Be8 46. b5 Rc4 47. Rd6 Qf4 48. Rd2 Bxb5 49. g3 Qf6 50. Rd6 Qc3 51. Rd8+ Kg7 52. Qe2 Qf6 53. Qd2 Rc7 54. Rd6 Qc3 0-1

[Event "URU-chTA"]
[Site "Montevideo"]
[Date "2016.09.24"]
[Round "3.42"]
[White "Lanzilotta Mernies, Marcelo"]
[Black "Cao, Jorge"]
[Result "0-1"]
[WhiteElo "2062"]
[BlackElo "1945"]
[PlyCount "72"]
[EventDate "2016.09.23"]
[EventType "team-swiss"]
[EventRounds "5"]
[EventCountry "URU"]
[SourceTitle "EXT 2018"]
[Source "ChessBase"]
[SourceDate "2017.10.13"]
[SourceVersion "1"]
[SourceVersionDate "2017.10.13"]
[SourceQuality "1"]

1. e4 e6 2. d3 d5 3. Nd2 c5 4. Ngf3 Nc6 5. g3 Nf6 6. Bg2 Be7 7. 0-0 0-0 8. Re1 b5 9. e5 Nd7 10. Nf1 a5 11. h4 Ba6 12. N1h2 a4 13. Bf4 c4 14. Ng5 h6 15. Qh5 Nd4 16. Ng4 Nf5 17. Ne4 g6 18. Nxh6+ Kh7 19. Ng5+ Bxg5 20. Qxg5 Qxg5 21. hxg5 Nd4 22. Rac1 Kg7 23. c3 Nc6 24. d4 b4 25. Ng4 a3 26. Bd2 axb2 27. Rb1 Nb6 28. Nf6 Na4 29. Re3 bxc3 30. Bxc3 Nxc3 31. Rxc3 Nxd4 32. Rxb2 Rfb8 33. Rxb8 Rxb8 34. Ra3 c3 35. Kh2 c2 36. Rc3 Rc8 0-1

[Event "URU-ch Seniors"]
[Site "Montevideo"]
[Date "2016.06.18"]
[Round "3"]
[White "Villarreal, Julio"]
[Black "Cao, Jorge"]
[Result "0-1"]
[WhiteElo "1869"]
[BlackElo "1984"]
[PlyCount "48"]
[EventDate "2016.06.17"]
[EventType "swiss"]
[EventRounds "5"]
[EventCountry "URU"]
[SourceTitle "EXT 2017"]
[Source "ChessBase"]
[SourceDate "2016.10.25"]
[SourceVersion "1"]
[SourceVersionDate "2016.10.25"]
[SourceQuality "1"]

1. Nf3 Nf6 2. d4 g6 3. Bf4 Bg7 4. e3 0-0 5. Bd3 d6 6. h3 c5 7. c3 Nbd7 8. 0-0 Re8 9. Bc2 Qb6 10. Qc1 e5 11. dxe5 dxe5 12. Bh2 e4 13. Nfd2 Qc6 14. a4 b6 15. c4 Bb7 16. Nc3 a6 17. Qb1 Qe6 18. b4 Ng4 19. Ra3 Nxh2 20. Kxh2 Bxc3 21. Rd1 cxb4 22. Rxc3 bxc3 23. Nf1 Rad8 24. Ng3 Nc5 0-1

[Event "Montevideo Trebejos op 02"]
[Site "Montevideo"]
[Date "2016.02.24"]
[Round "2"]
[White "Cao, Jorge"]
[Black "Lopez Falcon, Jorge"]
[Result "1/2-1/2"]
[WhiteElo "1980"]
[BlackElo "2161"]
[PlyCount "58"]
[EventDate "2016.02.22"]
[EventType "swiss"]
[EventRounds "7"]
[EventCountry "URU"]
[SourceTitle "CBM 171 Extra"]
[Source "ChessBase"]
[SourceDate "2016.04.26"]
[SourceVersion "1"]
[SourceVersionDate "2016.04.26"]
[SourceQuality "1"]

1. d4 Nf6 2. c4 e6 3. Nf3 Bb4+ 4. Bd2 c5 5. Bxb4 cxb4 6. Nbd2 0-0 7. e4 d6 8. Bd3 Nc6 9. 0-0 e5 10. d5 Nb8 11. c5 Ne8 12. cxd6 f6 13. Qb3 a5 14. Rac1 Nxd6 15. Rc2 Nd7 16. Rfc1 b6 17. Bf1 Nc5 18. Qe3 Bd7 19. Bd3 Ba4 20. b3 Bd7 21. Nc4 Bb5 22. Nfd2 Bxc4 23. Nxc4 Nxc4 24. Bxc4 Qd6 25. Bb5 Ra7 26. g4 g6 27. f3 g5 28. h4 h6 29. Rh2 Rh7 1/2-1/2